Philosophy ethics / (Record no. 91926)

MARC details
000 -LEADER
fixed length control field 00698nam a22002297a 4500
005 - DATE AND TIME OF LATEST TRANSACTION
control field 20150324115408.0
010 ## - LCCN (DPL NO)
LC control number ENG-112243
020 ## - INTERNATIONAL STANDARD BOOK NUMBER
Terms of availability 75.00
035 ## - SYSTEM CONTROL NUMBER
System control number EN-95775
037 ## - SOURCE OF ACQUISITION
Source of stock number/acquisition DBAD/PUB
082 ## - DEWEY DECIMAL CLASSIFICATION NUMBER
Classification number 170
100 ## - MAIN ENTRY--PERSONAL NAME
Personal name Venkat Reddy, R.
245 ## - TITLE STATEMENT
Title Philosophy ethics /
Statement of responsibility, etc by R. Venkat Reddy, V. Padmavathi [and] D.Balaganapathi ; edited by R. Venkat Reddy
260 ## - PUBLICATION, DISTRIBUTION, ETC. (IMPRINT)
Place of publication, distribution, etc Hyderabad
Name of publisher, distributor, etc Telugu Akademi
Date of publication, distribution, etc 2012
270 ## - ADDRESS
Address Telugu Akademi
City Hyderabad
Postal code 500029
300 ## - PHYSICAL DESCRIPTION
Extent 179p.
Dimensions 24cm(pbk)
500 ## - GENERAL NOTE
General note Includes bibliographical references
700 ## - ADDED ENTRY--PERSONAL NAME
Personal name Padmavathi, V.
700 ## - ADDED ENTRY--PERSONAL NAME
Personal name Balaganapathi, D.
700 ## - ADDED ENTRY--PERSONAL NAME
Personal name Venkat Reddy,R.
942 ## - ADDED ENTRY ELEMENTS (KOHA)
Source of classification or shelving scheme Dewey Decimal Classification
Item type English Books
Call number suffix VEN
Classification part 170
Holdings
Withdrawn status Lost status Not for loan Collection code Home library Current library Date acquired Source of acquisition Cost, normal purchase price Full call number Barcode Copy number Cost, replacement price Koha item type
    Not For Loan Non-fiction D.B.Act.Division D.B.Act.Division 26/02/2015 DBAD/PUB 75.00 170 VEN EN-95775 1 75.00 English Books

© Delhi Public Library
Hit Counter
free hit counter